| 000 | 00000nam##2200000za#4500 |
| 001 | 9.664806 |
| 003 | CaOODSP |
| 005 | 20210615121843 |
| 007 | ta |
| 008 | 150407|2003||||xxc||||| f|0| 0 fre|d |
| 020 | |z0-662-89348-4 |
| 040 | |aCaOODSP|bfre |
| 041 | |aeng |
| 041 | |afre |
| 043 | |an-cn--- |
| 086 | 1 |aEn40-886/2003 |
| 110 | 1 |aCanada. |bEnvironnement Canada. |
| 245 | 10|aL'assainissement de l'air au Canada : |bRapport d'étape sur les particules et l'ozone |
| 260 | |aOttawa - Ontario : |bEnvironnement Canada |c2003. |
| 300 | |aTexte français, 16p. : |bill. ; |c28 cm. |
| 500 | |ales numéros de catalogue (En40-886/2003F) et ISBN (0-662-89348-4) de cette publication sont incorrectes. |
| 520 | 3 |aCe rapport souligne les efforts déployés par le gouvernement fédéral en vue de réduire la prévalence des principaux polluants à l’origine du smog. Il présente les principales réalisations de 2003 relativement aux transports, à la surveillance des émissions, à la surveillance de l’air ambiant, à la Loi canadienne sur la protection de l’environnement et à la stratégie canado-américaine sur la qualité de l’air transfrontalier. Il traite également des composés organiques volatils, un futur domaine d’intérêt, et souligne les réalisations concrètes des dernières années en ce qui a trait aux programmes d’assainissement de l’air. |
| 563 | |aCouverture souple |
| 590 | |a03-39|b2003-09-26 |
| 691 | 07|aPollution atmosphérique|2gcpds |
| 691 | 07|aQualité de l'air|2gcpds |
| 776 | 0#|tL'assainissement de l'air au Canada : |w(CaOODSP)9.631034 |
| 776 | 0#|tClean air in Canada : |w(CaOODSP)9.686567 |
| 791 | |tClean air in Canada : |eeng|w(CaOODSP)9.664805 |